000 01460cab a2200193 4500
001 ##L134333
008 060726n2006 000 0 eng u
035 _a(Sirsi) u134333
041 0 _aeng
245 0 0 _aMichael Coaten v PBS Corporation
260 _c2006
520 _a[2006] EWHC 1781 (Ch), 18 July 2006. Concerns the interpretation of an agreement between a company owning a flat and the main occupant of the flat which gave the occupant an option to purchase the lease on the death of the owner of the company. C sold a flat to a company (P) owned by a long-standing friend, with an agreement that C claimed obliged P to sell the flat back to C, if C wanted it, on the death of the friend. P disputed this interpretation, also claiming that the correspondence that ensued did not create a contract as it did not comply with provisions of the Law of Property (Miscellaneous Provisions) Act 1989 s2. "Held": the clause at issue placed on P an immediate obligation to sell the flat to C on the death of C's friend. This interpretation was what the parties had intended commercially.
590 _aIKA010806
650 2 4 _aLAW OF PROPERTY (MISCELLANEOUS PROVISIONS) ACT 1989 S2
651 4 _aEngland and Wales
_y1543-
690 _aPROPERTY-RESIDENTIAL PROPERTY-RESIDENTIAL LANDLORD AND TENANT-RESIDENTIAL TENANCIES
856 4 0 _uhttps://www.bailii.org/ew/cases/EWHC/Ch/2006/1781.html
_zView the item free of charge at www.bailii.org...
942 _n0
999 _c77459
_d77459